01326nam a22001697a 4500008004100000020001800041050002200059100003700081245007900118250001100197260003100208300002800239490005200267505075300319650004401072650004001116130903t2011 mx ||||| |||| 00| 0 spa d a9786074261547 aKKT475 bP47 201110aPereznieto Castro, Leoneleautor10aDerecho internacional privadob: parte generalc/ Leonel Pereznieto Castro a9a ed. aMéxicob: Oxfordc, 2011 axxivi, 462 p. c; 23 cm lColección Textos Jurídicos Universitarios aParte 1. Derecho de la nacionalidad y condición jurídica de los extranjeros. 2. Derecho de la nacionalidad y la nacionalidad mexicana. 3. La condición jurídica del extranjero en México. 4. Régimen de la propiedad inmueble y de las inversiones del extranjero en México. Parte 2. Métodos para resolver los problemas derivados del tráfico jurídico internacional 5. Métodos más comúnes: conceptos generales 6. Sistema conflictual tradicional (tendencias) 7.Problemas planteados por el sistema conflictual tradicional 8. Normas de aplicación inmediata, normas materiales, derecho uniforme y lex mercatoria 9. Parte 3. Derecho internacional privado positivo en México. 11. México en el derecho convencional institucional  0aDERECHO INTERNACIONAL PRIVADOzMÉXICO 0aCOOPERACION JURIDICA INTERNACIONAL